Lymphocyte transformation test in detection of drug hypersensitivity

Elmentve itt :
Bibliográfiai részletek
Szerzők: Dobozy Attila
Hunyadi János
Kenderessy Anna Sz
Simon N
Dokumentumtípus: Cikk
Megjelent: 1981
Sorozat:CLINICAL AND EXPERIMENTAL DERMATOLOGY 6 No. 4
Tárgyszavak:
doi:10.1111/j.1365-2230.1981.tb02319.x

mtmt:105906
Online Access:http://publicatio.bibl.u-szeged.hu/33590
LEADER 00821nab a2200241 i 4500
001 publ33590
005 20250528143754.0
008 250528s1981 hu o 000 eng d
022 |a 0307-6938 
024 7 |a 10.1111/j.1365-2230.1981.tb02319.x  |2 doi 
024 7 |a 105906  |2 mtmt 
040 |a SZTE Publicatio Repozitórium  |b hun 
041 |a eng 
100 1 |a Dobozy Attila 
245 1 0 |a Lymphocyte transformation test in detection of drug hypersensitivity  |h [elektronikus dokumentum] /  |c  Dobozy Attila 
260 |c 1981 
300 |a 367-372 
490 0 |a CLINICAL AND EXPERIMENTAL DERMATOLOGY  |v 6 No. 4 
650 4 |a Klinikai orvostan 
700 0 1 |a Hunyadi János  |e aut 
700 0 1 |a Kenderessy Anna Sz  |e aut 
700 0 1 |a Simon N  |e aut 
856 4 0 |u http://publicatio.bibl.u-szeged.hu/33590/1/aok_klny_1116_81.pdf  |z Dokumentum-elérés